01009nam a2200301Ia 450000500170000000800410001702000180005804100080007610000270008424500800011125000180019130000250020949000370023450000420027165000360031365000410034965000320039065000340042270000580045694200150051426400290052933600270055833700330058533800280061804000350064608400110068199900150069220220317001804.0170328s2010 m g 000 f s  a9786074212143 aspa1 aVian, Borisd1920-195913aEl otoño en PekíncBoris Vian ; traducción de Juan García Hortelano a1a. edición a257 páginasc20 cm aFábula : biblioteca Boris Vian aIncluye datos biográficos del autor142LEMBaNovela francesaySiglo XX142LEMBaLiteratura francesesySiglo XX142LEMBaAmor en la literatura142LEMBaMuerte en la literatura1 aGarcía Hortelano, Juand1928-1992etraductor990830 2loccBKLIT aMéxicobTusquetsc2010 atextobtxt2rdacontent asin mediaciónbn2rdamedia avolumenbnc2rdacarrier aCO-BoRNBPbspaerdacCO-BoRNBP aN VIA2 c8103d8103